000 00670cam a2200205 4500
001 J100535
008 000000n1998 000 0 eng u
035 _a(Sirsi) u100207
050 _a692.8
110 _aJoint Contracts Tribunal
_93664
245 _aStandard forms of building contract 1998 editions. Practice note 1, series 2. Construction industry scheme (CIS).
260 _aLondon
_bRIBA Publications
_c1998
300 _a12p. ; 30cm.
350 _a8.50
490 _aJCT Practice Note
_v1 (Series 2)
520 _aIncludes Amendment issued January 2001
650 _aJCT STANDARD FORM OF BUILDING CONTRACT 1998
690 _aContracts
_96232
942 _n0
999 _c99649
_d99649